[Event "4NCL Division Four"]
[Site "Daventry, ENG"]
[Date "2023.01.07"]
[Round "3.11"]
[White "Cole, James"]
[Black "Rawlinson, Aidan M"]
[Result "0-1"]
[WhiteElo "1958"]
[BlackElo "2225"]
[PlyCount "56"]
[EventDate "2023.01.07"]
[WhiteTeam "Oxford 3"]
[BlackTeam "Average Wood Pushers A"]

1. d4 g6 2. Nf3 Bg7 3. g3 Nf6 4. c4 O-O 5. Bg2 d6 6. O-O Nc6 7. Nc3 e5 8. d5
Nb8 9. e4 a5 10. Ne1 Na6 11. Nd3 Nd7 12. f4 exf4 13. gxf4 f5 14. Be3 Bxc3 15.
bxc3 fxe4 16. Nf2 Nf6 17. Bd4 Bf5 18. Re1 Re8 19. Re3 Nc5 20. Bh3 Bxh3 21. Rxh3
e3 22. Rxe3 Rxe3 23. Bxe3 Qd7 24. Bd4 Qf5 25. Qf3 Re8 26. Kf1 Nce4 27. Rd1 Nxf2
28. Bxf6 Nxd1 0-1

[Event "4NCL Division Four"]
[Site "Daventry, ENG"]
[Date "2023.01.07"]
[Round "3.12"]
[White "Smith, Alan A"]
[Black "Terry, Sean"]
[Result "1-0"]
[WhiteElo "2170"]
[BlackElo "1896"]
[PlyCount "75"]
[EventDate "2023.01.07"]
[WhiteTeam "Average Wood Pushers A"]
[BlackTeam "Oxford 3"]

1. e4 e6 2. Qe2 c5 3. f4 Nf6 4. Nf3 Nc6 5. c3 Qa5 6. d3 Be7 7. g3 b5 8. Bg2 Bb7
9. O-O O-O 10. Nbd2 d6 11. e5 Ne8 12. exd6 Nxd6 13. Ne4 Nxe4 14. dxe4 Rad8 15.
Be3 b4 16. Rfc1 Ba6 17. Qf2 bxc3 18. bxc3 Bd3 19. Ne1 c4 20. e5 Nb8 21. Bxa7
Nd7 22. Bd4 Ba3 23. Rd1 Nc5 24. Nxd3 Nxd3 25. Qe3 Bb2 26. Rab1 Qxa2 27. Be4 Rb8
28. f5 exf5 29. Bxf5 Qa5 30. Bxd3 cxd3 31. Rxd3 Ba3 32. Rf1 Qc7 33. Rd2 Rb2 34.
Rxb2 Bxb2 35. e6 f6 36. e7 Re8 37. Qe6+ Kh8 38. Rxf6 1-0

[Event "4NCL Division Four"]
[Site "Daventry, ENG"]
[Date "2023.01.07"]
[Round "3.13"]
[White "Staples, Neil"]
[Black "Kay, Lee P"]
[Result "1/2-1/2"]
[WhiteElo "1778"]
[BlackElo "2059"]
[PlyCount "82"]
[EventDate "2023.01.07"]
[WhiteTeam "Oxford 3"]
[BlackTeam "Average Wood Pushers A"]

1. c4 d6 2. g3 e5 3. Bg2 f5 4. d4 exd4 5. Qxd4 Nc6 6. Qe3+ Be7 7. Nh3 Nf6 8.
O-O O-O 9. Nc3 Ne5 10. b3 c6 11. Bb2 Qe8 12. Rad1 Qh5 13. Qg5 Qf7 14. Qd2 h6
15. Ba3 Rd8 16. Nf4 a5 17. Na4 Ra6 18. Nc3 a4 19. Bb2 axb3 20. axb3 g5 21. Nd3
Nfg4 22. h3 Nxd3 23. exd3 Ne5 24. d4 Ng6 25. d5 c5 26. Ne2 f4 27. Qc3 Ne5 28.
f3 Ra2 29. Nc1 Rxb2 30. Qxb2 Bf6 31. Qc2 fxg3 32. f4 Ng6 33. fxg5 hxg5 34. Ne2
Re8 35. Nxg3 Nf4 36. Rde1 Rxe1 37. Rxe1 Nxh3+ 38. Bxh3 Bxh3 39. Qe4 Be5 40. Re3
Bd4 41. Kh2 Bxe3 1/2-1/2

[Event "4NCL Division Four"]
[Site "Daventry, ENG"]
[Date "2023.01.07"]
[Round "3.14"]
[White "Garcia-Ruiz Fuentes, Aitor"]
[Black "Curran, David P"]
[Result "1-0"]
[WhiteElo "2060"]
[BlackElo "1770"]
[PlyCount "67"]
[EventDate "2023.01.07"]
[WhiteTeam "Average Wood Pushers A"]
[BlackTeam "Oxford 3"]

1. d4 Nf6 2. c4 g6 3. Nc3 Bg7 4. e4 d6 5. f3 O-O 6. Be3 e5 7. d5 a5 8. Qd2 Ne8
9. g4 f5 10. exf5 gxf5 11. h3 f4 12. Bf2 Nf6 13. Bd3 Qe8 14. O-O-O Bd7 15. g5
Nh5 16. Qc2 Qf7 17. Bxh7+ Kh8 18. Bg6 Bf5 19. Bxf7 Bxc2 20. Bxh5 Bxd1 21. Kxd1
Nd7 22. Ne4 Rfd8 23. Bg4 a4 24. Ne2 Bf8 25. N2c3 Be7 26. h4 c6 27. h5 Nc5 28.
Kc2 Nxe4 29. Nxe4 c5 30. h6 b5 31. g6 bxc4 32. g7+ Kh7 33. Bf5+ Kg8 34. Rg1 1-0

[Event "4NCL Division Four"]
[Site "Daventry, ENG"]
[Date "2023.01.07"]
[Round "3.15"]
[White "Neatherway, A Philip"]
[Black "Zhu, Yaoyao"]
[Result "0-1"]
[WhiteElo "1825"]
[BlackElo "2056"]
[PlyCount "66"]
[EventDate "2023.01.07"]
[WhiteTeam "Oxford 3"]
[BlackTeam "Average Wood Pushers A"]

1. e4 e5 2. Nf3 Nc6 3. d4 exd4 4. Nxd4 Nf6 5. Nc3 Bb4 6. Nxc6 bxc6 7. Bd3 d5 8.
exd5 O-O 9. O-O cxd5 10. Bg5 c6 11. Ne2 h6 12. Bh4 Be7 13. c4 Qb6 14. Qc2 Be6
15. b3 Rfd8 16. Nc3 dxc4 17. Bxc4 Bxc4 18. bxc4 Qd4 19. Bg3 Qxc4 20. Qb3 Qxb3
21. axb3 Rd3 22. Rfc1 Bb4 23. Na4 Rad8 24. f3 Rxb3 25. Rxc6 a5 26. Rac1 Ra3 27.
Nb6 Ra2 28. R6c2 Rd2 29. Rxa2 Rxa2 30. Be5 Bd2 31. Rb1 Be3+ 32. Kh1 Bxb6 33.
Rxb6 Nd7 0-1

[Event "4NCL Division Four"]
[Site "Daventry, ENG"]
[Date "2023.01.07"]
[Round "3.16"]
[White "Scoular, Adam"]
[Black "Cole, Graham"]
[Result "1/2-1/2"]
[WhiteElo "2012"]
[BlackElo "1725"]
[PlyCount "115"]
[EventDate "2023.01.07"]
[WhiteTeam "Average Wood Pushers A"]
[BlackTeam "Oxford 3"]

1. e4 c5 2. Nf3 d6 3. Nc3 Nf6 4. Bb5+ Bd7 5. e5 dxe5 6. Qe2 e6 7. Nxe5 a6 8.
Bxd7+ Nbxd7 9. b3 Nxe5 10. Qxe5 Bd6 11. Qg5 O-O 12. Bb2 h6 13. Qh4 Be7 14. Ne4
Nxe4 15. Qxe4 Bf6 16. Bxf6 Qxf6 17. O-O Rab8 18. a4 Qd4 19. Qxd4 cxd4 20. c4
dxc3 21. dxc3 Rfc8 22. Rac1 b5 23. a5 Rc6 24. Rfd1 Rbc8 25. Rd3 Kf8 26. Kf1 Ke7
27. Ke2 Rc5 28. b4 Rc4 29. Kd2 e5 30. f3 Ke6 31. Re1 f6 32. Re4 f5 33. Rxc4
bxc4 34. Re3 Rd8+ 35. Kc2 g5 36. Re1 h5 37. Rd1 Rb8 38. Kd2 Kd5 39. Ke3+ Kc6
40. g4 hxg4 41. fxg4 fxg4 42. Ke4 Rh8 43. Kxe5 Rxh2 44. Rd6+ Kb7 45. Rd4 g3 46.
Kd5 Rf2 47. Rd1 g2 48. Rg1 g4 49. Kxc4 Kc6 50. Kb3 Re2 51. c4 Rf2 52. Kc3 Rf3+
53. Kd4 Rf4+ 54. Kd3 Rf2 55. Ke3 Rc2 56. Kd4 Rd2+ 57. Ke3 Rc2 58. Kd3 1/2-1/2

[Event "4NCL Division Four"]
[Site "Daventry, ENG"]
[Date "2023.01.07"]
[Round "3.21"]
[White "Stewart, Joseph J"]
[Black "Sparkes, Daniel A"]
[Result "1/2-1/2"]
[WhiteElo "2224"]
[BlackElo "1967"]
[PlyCount "136"]
[EventDate "2023.01.07"]
[WhiteTeam "Wotton Hall"]
[BlackTeam "CSC/Kingston 2"]

1. e4 c5 2. Nf3 g6 3. Nc3 Bg7 4. d4 cxd4 5. Nxd4 Nc6 6. Be3 Nf6 7. Be2 O-O 8.
O-O d5 9. exd5 Nxd5 10. Nxd5 Nxd4 11. Bxd4 Qxd5 12. Bxg7 Qxd1 13. Rfxd1 Kxg7
14. Bf3 Rb8 15. c4 b6 16. b3 Be6 17. Bd5 Bxd5 18. Rxd5 Rfd8 19. Rad1 Rxd5 20.
Rxd5 Rb7 21. Kf1 Kf6 22. Ke2 e6 23. Rd8 Ke7 24. Rh8 h5 25. Kd3 Rd7+ 26. Kc2 Kd6
27. Rc8 a5 28. a3 Ra7 29. Kc3 Kd7 30. Rf8 Kc6 31. b4 axb4+ 32. axb4 Rd7 33. f4
Kb7 34. g3 Kc6 35. Ra8 Kb7 36. Rf8 Kc6 37. h3 Kd6 38. Ra8 Kc6 39. Ra1 Kb7 40.
g4 hxg4 41. hxg4 f6 42. Rh1 Kc6 43. Rh8 Rd1 44. Rf8 f5 45. Rf6 Kd7 46. Rxg6
fxg4 47. Rxg4 Rc1+ 48. Kb3 Rb1+ 49. Ka4 Kc6 50. Rg6 Ra1+ 51. Kb3 Rb1+ 52. Ka3
Kd7 53. f5 exf5 54. Rxb6 Ke7 55. Rh6 Rg1 56. Ka4 Rg4 57. c5 f4 58. Rh3 Rg5 59.
Kb5 Rf5 60. Rf3 Kd7 61. Kc4 Kc6 62. b5+ Kc7 63. Kb4 Kb7 64. Ka5 Rxc5 65. Rxf4
Rc7 66. Rf5 Rh7 67. Rf6 Rg7 68. Rh6 Rf7 1/2-1/2

[Event "4NCL Division Four"]
[Site "Daventry, ENG"]
[Date "2023.01.07"]
[Round "3.22"]
[White "Hasson, Peter"]
[Black "Robson, Ian A"]
[Result "1/2-1/2"]
[WhiteElo "1929"]
[BlackElo "2200"]
[PlyCount "131"]
[EventDate "2023.01.07"]
[WhiteTeam "CSC/Kingston 2"]
[BlackTeam "Wotton Hall"]

1. c4 e6 2. Nf3 Nf6 3. g3 d5 4. d4 Be7 5. Bg2 O-O 6. O-O Nbd7 7. Qc2 c6 8. Rd1
Ne4 9. Nc3 f5 10. Ne5 Nxe5 11. dxe5 Bc5 12. e3 Qe7 13. Na4 b6 14. b3 Bb7 15.
Bb2 Ba3 16. Bxa3 Qxa3 17. f3 Nc5 18. Qb2 Qxb2 19. Nxb2 Rfd8 20. cxd5 cxd5 21.
b4 Nd7 22. f4 Rac8 23. Rac1 Ba6 24. Bf1 Bxf1 25. Kxf1 b5 26. Nd3 Rc4 27. Ke2
Kf7 28. a3 Ke7 29. Nb2 Rcc8 30. a4 bxa4 31. Nxa4 Rb8 32. Rb1 Rb5 33. Nc3 Rb7
34. b5 Rc8 35. Rb3 a6 36. Kd2 Nc5 37. Ra3 axb5 38. Ra2 b4 39. Ne2 Ne4+ 40. Ke1
Nc3 41. Nxc3 Rxc3 42. Kd2 Rc4 43. Rb1 Kd7 44. Rb3 g6 45. Ra6 Rc6 46. Ra4 Rc4
47. Ra6 Rbc7 48. Rd6+ Ke7 49. Rb2 Rb7 50. Ra6 Kf7 51. Rd6 h6 52. h4 g5 53. hxg5
hxg5 54. Rb1 Rbc7 55. Rb2 gxf4 56. gxf4 Rb7 57. Rb1 b3 58. Rb2 Rb8 59. Rd7+ Ke8
60. Ra7 d4 61. exd4 Rxd4+ 62. Ke3 Re4+ 63. Kd3 Rd8+ 64. Kc3 Rc8+ 65. Kd3 Rd8+
66. Kc3 1/2-1/2

[Event "4NCL Division Four"]
[Site "Daventry, ENG"]
[Date "2023.01.07"]
[Round "3.23"]
[White "Ashworth, Michael"]
[Black "Lawson, Maurice E"]
[Result "0-1"]
[WhiteElo "2183"]
[BlackElo "1965"]
[PlyCount "114"]
[EventDate "2023.01.07"]
[WhiteTeam "Wotton Hall"]
[BlackTeam "CSC/Kingston 2"]

1. d4 d5 2. c4 e6 3. Nc3 Nf6 4. cxd5 exd5 5. Bg5 Be7 6. e3 O-O 7. Bd3 Nbd7 8.
Nf3 c6 9. Qc2 Re8 10. O-O Nf8 11. h3 Ng6 12. Rab1 Nd7 13. Bxe7 Qxe7 14. b4 a6
15. a4 b5 16. Rfc1 Nb6 17. axb5 axb5 18. e4 Be6 19. e5 Nc4 20. Bxc4 dxc4 21.
Ne4 Bd5 22. Qe2 Ra3 23. Nfd2 Rea8 24. g3 Qd7 25. Kh2 Qxh3+ 26. Kxh3 Nf4+ 27.
Kh2 Nxe2 28. Re1 Bxe4 29. Nxe4 Nxd4 30. Red1 Nf3+ 31. Kg2 Nxe5 32. Rd6 Rd3 33.
f4 Rxd6 34. Nxd6 Ra2+ 35. Kf1 Rh2 36. Rd1 Rh1+ 37. Ke2 Rxd1 38. Kxd1 Nd3 39.
Kd2 Nxb4 40. Kc3 Nd5+ 41. Kc2 Kf8 42. Nf5 g6 43. Nd4 Ne7 44. Kc3 Ke8 45. Kb4
Nd5+ 46. Kc5 c3 47. Nc2 b4 48. Nd4 Kd7 49. Kc4 Kd6 50. Nc2 c5 51. Ne1 Ne3+ 52.
Kd3 Kd5 53. Nc2 Nc4 54. Ne1 Nb2+ 55. Kc2 Kc4 56. Nf3 b3+ 57. Kb1 Kd3 0-1

[Event "4NCL Division Four"]
[Site "Daventry, ENG"]
[Date "2023.01.07"]
[Round "3.24"]
[White "Vachtfeidl, Petr"]
[Black "Ashworth, Robert"]
[Result "1-0"]
[WhiteElo "1877"]
[BlackElo "1906"]
[PlyCount "97"]
[EventDate "2023.01.07"]
[WhiteTeam "CSC/Kingston 2"]
[BlackTeam "Wotton Hall"]

1. d4 d5 2. c4 c6 3. Nf3 Nf6 4. Nc3 e6 5. Bg5 Nbd7 6. e3 Qa5 7. cxd5 Nxd5 8.
Qd2 Bb4 9. Rc1 O-O 10. Bd3 c5 11. a3 Bxc3 12. bxc3 h6 13. Bh4 Qxa3 14. e4 N5f6
15. O-O Qa5 16. Ra1 Qc7 17. Bg3 Qc6 18. Rfe1 b5 19. d5 exd5 20. exd5 Nxd5 21.
Bxb5 Qxb5 22. Qxd5 Nb6 23. Qh5 Be6 24. Bd6 Rfc8 25. Nd4 Qd7 26. Nxe6 fxe6 27.
Bxc5 Nd5 28. Bd4 Rc6 29. Qe5 Nf6 30. h3 a6 31. Re3 Rf8 32. Rg3 Kh8 33. Rb1 Qf7
34. Rf3 Qg6 35. Rb7 Rf7 36. Qb8+ Kh7 37. Qa7 Kg8 38. Qa8+ Rf8 39. Rxg7+ Kxg7
40. Qxc6 Qb1+ 41. Kh2 Qb8+ 42. g3 e5 43. Bc5 Rf7 44. Bd6 Qb1 45. Bxe5 Qg6 46.
Rxf6 Rxf6 47. Qxa6 Qf5 48. Qxf6+ Qxf6 49. Bxf6+ 1-0

[Event "4NCL Division Four"]
[Site "Daventry, ENG"]
[Date "2023.01.07"]
[Round "3.25"]
[White "Maclannan, Richard"]
[Black "Eckert, Jonathan"]
[Result "0-1"]
[WhiteElo "1827"]
[BlackElo "1715"]
[PlyCount "104"]
[EventDate "2023.01.07"]
[WhiteTeam "Wotton Hall"]
[BlackTeam "CSC/Kingston 2"]

1. f4 d5 2. b3 Nc6 3. Nf3 Bf5 4. e3 Nf6 5. Bb5 a6 6. Bxc6+ bxc6 7. d3 c5 8.
Nbd2 e6 9. Bb2 Bd6 10. h3 O-O 11. O-O c6 12. Qe1 Nd7 13. g4 Bg6 14. h4 h5 15.
Qg3 Nf6 16. Bxf6 Qxf6 17. Ne5 Bxe5 18. fxe5 Qe7 19. gxh5 Bxh5 20. Rf6 Bg6 21.
Qg5 gxf6 22. exf6 Qd8 23. h5 Kh7 24. Kf2 Rg8 25. hxg6+ Rxg6 26. Rh1+ Kg8 27.
Qh5 Qxf6+ 28. Nf3 Kf8 29. Qe5 Qxe5 30. Nxe5 Rf6+ 31. Ke2 Ke7 32. Nxc6+ Kd6 33.
Na5 Rg8 34. Rh2 Kc7 35. b4 cxb4 36. d4 Rfg6 37. Kd3 Rg1 38. Rf2 R8g7 39. Nb3 f5
40. Nc5 Kd6 41. Nxa6 Rb1 42. c4 bxc3 43. Kxc3 Ra7 44. Nc5 Ra3+ 45. Nb3 Re1 46.
Kd3 Ra7 47. Kd2 Rg1 48. Kc3 Rag7 49. a4 Re1 50. Nc5 Rxe3+ 51. Kd2 Ra3 52. Re2
Ra2+ 0-1

[Event "4NCL Division Four"]
[Site "Daventry, ENG"]
[Date "2023.01.07"]
[Round "3.26"]
[White "Grey, Nicholas D"]
[Black "Moldovan, Alexandru-Mitic"]
[Result "0-1"]
[WhiteElo "1719"]
[BlackElo "1776"]
[PlyCount "66"]
[EventDate "2023.01.07"]
[WhiteTeam "CSC/Kingston 2"]
[BlackTeam "Wotton Hall"]

1. e4 e5 2. Nf3 Nc6 3. Bb5 Nd4 4. Bc4 Nxf3+ 5. Qxf3 Nf6 6. Nc3 c6 7. O-O d6 8.
d3 a5 9. a4 Be7 10. Qe2 O-O 11. h3 h6 12. Be3 d5 13. Rad1 dxc4 14. dxc4 Qc7 15.
f4 exf4 16. Rxf4 Nh7 17. Qf2 Bg5 18. Rf3 Bxe3 19. Qxe3 Be6 20. Rg3 f5 21. Rg6
f4 22. Qc5 Qf7 23. Qh5 Kh8 24. Rd6 Nf6 25. Rxh6+ gxh6 26. Qxh6+ Nh7 27. Rxe6 f3
28. g4 f2+ 29. Kf1 Rae8 30. Rxe8 Qxc4+ 31. Ne2 Qxe2+ 32. Kxe2 f1=Q+ 33. Kd2
Rxe8 0-1

[Event "4NCL Division Four"]
[Site "Daventry, ENG"]
[Date "2023.01.07"]
[Round "3.31"]
[White "Walker, Andrew N"]
[Black "Waddington, Mike P"]
[Result "1/2-1/2"]
[WhiteElo "1925"]
[BlackElo "2097"]
[PlyCount "69"]
[EventDate "2023.01.07"]
[WhiteTeam "Ashfield 2"]
[BlackTeam "Poole Patzers"]

1. e4 c5 2. Nc3 Nc6 3. g3 g6 4. Bg2 Bg7 5. d3 e5 6. Be3 d6 7. Qd2 Nd4 8. Nce2
Nf6 9. c3 Ne6 10. h3 b6 11. f4 Bb7 12. Nf3 Qc7 13. c4 O-O-O 14. O-O exf4 15.
Nxf4 Nxf4 16. Bxf4 Nh5 17. a4 Nxf4 18. gxf4 Bh6 19. a5 d5 20. cxd5 Bxf4 21. Qc3
f5 22. axb6 axb6 23. Ra7 Rhe8 24. Nd2 Kb8 25. Rfa1 Qe5 26. Qa3 Re7 27. Nc4 Qd4+
28. Kh1 Qf2 29. Rf1 Qg3 30. Rxf4 Qxf4 31. Nxb6 Qc1+ 32. Kh2 Qf4+ 33. Kh1 Qc1+
34. Kh2 Qf4+ 35. Kh1 1/2-1/2

[Event "4NCL Division Four"]
[Site "Daventry, ENG"]
[Date "2023.01.07"]
[Round "3.32"]
[White "Duggan, Michael F G"]
[Black "Combie, Alex B"]
[Result "1-0"]
[WhiteElo "2060"]
[BlackElo "1883"]
[PlyCount "75"]
[EventDate "2023.01.07"]
[WhiteTeam "Poole Patzers"]
[BlackTeam "Ashfield 2"]

1. d4 Nf6 2. c4 g6 3. Nc3 Bg7 4. e4 d6 5. f4 O-O 6. Bd3 c5 7. d5 e6 8. dxe6
fxe6 9. Nf3 Nc6 10. O-O Nd4 11. Qe1 Nxf3+ 12. Rxf3 a6 13. h3 Bd7 14. Rf1 Bc6
15. a4 Kh8 16. Bd2 d5 17. e5 Ne8 18. a5 dxc4 19. Be4 Bxe4 20. Nxe4 Qd4+ 21. Qe3
Qxe3+ 22. Bxe3 Nc7 23. Bxc5 Rg8 24. Rac1 Nd5 25. Ng5 h6 26. Nxe6 Rge8 27. Nxg7
Kxg7 28. Rxc4 Rac8 29. Rfc1 Kh7 30. Bd6 Rxc4 31. Rxc4 Ne3 32. Rc7+ Kg8 33. Rxb7
Nd5 34. g3 Rc8 35. Kf2 g5 36. f5 Rc2+ 37. Kf3 Rd2 38. Ke4 1-0

[Event "4NCL Division Four"]
[Site "Daventry, ENG"]
[Date "2023.01.07"]
[Round "3.33"]
[White "Ladds, Graham I"]
[Black "Weatherlake, John P"]
[Result "0-1"]
[WhiteElo "1923"]
[BlackElo "2022"]
[PlyCount "48"]
[EventDate "2023.01.07"]
[WhiteTeam "Ashfield 2"]
[BlackTeam "Poole Patzers"]

1. d4 Nf6 2. c4 g6 3. Nc3 d5 4. Qb3 dxc4 5. Qxc4 a6 6. Bf4 c6 7. e3 b5 8. Qb3
Bg7 9. h3 Qa5 10. Bd3 c5 11. dxc5 Nbd7 12. Nge2 Nxc5 13. Qc2 b4 14. O-O bxc3
15. Nxc3 Nxd3 16. Qxd3 O-O 17. Rfd1 Be6 18. e4 Rfd8 19. Qe2 Qb4 20. a3 Qb3 21.
Rd2 Qc4 22. Qe1 Rxd2 23. Bxd2 Rb8 24. Rb1 Nd7 0-1

[Event "4NCL Division Four"]
[Site "Daventry, ENG"]
[Date "2023.01.07"]
[Round "3.34"]
[White "Fuller, David Michael"]
[Black "Levens, David G"]
[Result "1-0"]
[WhiteElo "1980"]
[BlackElo "1780"]
[PlyCount "81"]
[EventDate "2023.01.07"]
[WhiteTeam "Poole Patzers"]
[BlackTeam "Ashfield 2"]

1. e4 c5 2. Nc3 Nc6 3. f4 d6 4. Nf3 g6 5. Bb5 Bg7 6. Bxc6+ bxc6 7. O-O e6 8. d3
Ne7 9. Qe1 O-O 10. Bd2 Rb8 11. b3 d5 12. Rd1 Ba6 13. Na4 c4 14. dxc4 dxc4 15.
Be3 Qc7 16. Nc5 Bc8 17. Qd2 cxb3 18. axb3 f5 19. Ng5 Re8 20. Ngxe6 Bxe6 21.
Nxe6 Qb7 22. Nc5 Qc8 23. e5 Nd5 24. Bf2 h6 25. c4 Nb6 26. Rfe1 Re7 27. Qd6 Qe8
28. g3 Kh7 29. Re2 g5 30. Kh1 g4 31. Be1 a5 32. Bxa5 Na8 33. b4 h5 34. Kg2 Nb6
35. Bxb6 Rxb6 36. Rb2 Qf7 37. Qd8 Qxc4 38. Qxb6 Qc3 39. Rf2 h4 40. Qd8 Ra7 41.
Qxh4+ 1-0

[Event "4NCL Division Four"]
[Site "Daventry, ENG"]
[Date "2023.01.07"]
[Round "3.35"]
[White "Bromilow, Edward T"]
[Black "Smith, Richard"]
[Result "1-0"]
[WhiteElo "1778"]
[BlackElo "1925"]
[PlyCount "108"]
[EventDate "2023.01.07"]
[WhiteTeam "Ashfield 2"]
[BlackTeam "Poole Patzers"]

1. d4 Nf6 2. Nf3 e6 3. e3 c5 4. b3 d5 5. Bb2 Be7 6. Bd3 Nc6 7. O-O a6 8. Nbd2
Nb4 9. Be2 b5 10. Ne5 Bb7 11. a3 Nc6 12. f4 Qb6 13. Ndf3 Rc8 14. Nxc6 Rxc6 15.
Ne5 Rc7 16. f5 O-O 17. Rc1 c4 18. c3 Bd6 19. Ng4 Nxg4 20. Bxg4 exf5 21. Bxf5
Re7 22. Rf3 g6 23. Bc2 Qc7 24. h3 Rfe8 25. Qd2 Re6 26. Re1 Bg3 27. Re2 f5 28.
Bd1 a5 29. b4 a4 30. Bc1 Bc8 31. Qc2 Bh4 32. Bd2 Bg5 33. g3 Qe7 34. Qc1 Rf6 35.
Kg2 Qd7 36. Ref2 Rfe6 37. Re2 R6e7 38. Kg1 Re6 39. Kg2 Bd8 40. Kg1 Bc7 41. Kg2
Re4 42. Bc2 f4 43. gxf4 Rxf4 44. Ref2 Rxf3 45. Rxf3 Qd6 46. Qg1 Kg7 47. Be1 Qe6
48. Qf1 Rf8 49. Qe2 Rf6 50. Bf2 Qf7 51. Rxf6 Qxf6 52. Bg3 Qc6 53. Qf3 Bxg3 54.
Qxg3 Qf6 1-0

[Event "4NCL Division Four"]
[Site "Daventry, ENG"]
[Date "2023.01.07"]
[Round "3.36"]
[White "Popovic, Dragi"]
[Black "Graham, Neil"]
[Result "1-0"]
[WhiteElo "1718"]
[BlackElo "1781"]
[PlyCount "81"]
[EventDate "2023.01.07"]
[WhiteTeam "Poole Patzers"]
[BlackTeam "Ashfield 2"]

1. e4 e5 2. c3 Nf6 3. d3 d5 4. Qc2 Bd6 5. Nf3 c6 6. g3 O-O 7. Bg2 dxe4 8. dxe4
Nbd7 9. O-O Nc5 10. Nbd2 Qc7 11. b4 Ncd7 12. Nc4 Be7 13. Ne3 Nb6 14. a3 h6 15.
c4 Be6 16. Bb2 Nfd7 17. Rac1 Rae8 18. c5 Nc8 19. Rfd1 f6 20. Bf1 a6 21. Kg2 Kh8
22. Bc4 Bg8 23. Bxg8 Rxg8 24. Qc4 Bf8 25. Rd2 g6 26. Rcd1 Re7 27. Ng4 h5 28.
Rxd7 Rxd7 29. Rxd7 Qxd7 30. Nxf6 Qg7 31. Nxg8 Qxg8 32. Bxe5+ Bg7 33. Qxg8+ Kxg8
34. Bxg7 Kxg7 35. Nd4 Kf6 36. f4 Na7 37. h3 Nc8 38. Kf3 Ne7 39. g4 hxg4+ 40.
hxg4 Kf7 41. g5 1-0

[Event "4NCL Division Four"]
[Site "Daventry, ENG"]
[Date "2023.01.07"]
[Round "3.41"]
[White "Smith, Mark"]
[Black "Ivan, Austin"]
[Result "1-0"]
[WhiteElo "1914"]
[BlackElo "1845"]
[PlyCount "123"]
[EventDate "2023.01.07"]
[WhiteTeam "Barnet Knights C"]
[BlackTeam "Cambridge University Y1"]

1. d4 d5 2. c4 e6 3. Nf3 c5 4. g3 Nf6 5. Bg2 Nc6 6. O-O Be7 7. Nc3 O-O 8. cxd5
exd5 9. Bg5 Be6 10. e3 Ne4 11. Bxe7 Qxe7 12. Rc1 Nxc3 13. Rxc3 c4 14. Ne5 Nxe5
15. dxe5 b5 16. Qd4 b4 17. Rc2 Rfd8 18. f4 Bf5 19. Rcc1 Qe6 20. Rfd1 Bd3 21.
Bf1 Bxf1 22. Kxf1 Qa6 23. Kg1 Qxa2 24. e4 h6 25. exd5 c3 26. bxc3 b3 27. Ra1
Qc2 28. Qd2 Qxd2 29. Rxd2 Rab8 30. d6 a5 31. Rb2 Rb5 32. c4 Rc5 33. Rxb3 Rxc4
34. Rba3 Rc2 35. Rxa5 Kh7 36. R1a2 Rc1+ 37. Kf2 Kg6 38. Rd2 Kf5 39. Ra7 Kg6 40.
Re7 Ra1 41. g4 Rf8 42. d7 Raa8 43. Rd6+ Kh7 44. f5 Kg8 45. Ke3 Ra3+ 46. Ke4
Ra4+ 47. Rd4 Raa8 48. e6 fxe6 49. fxe6 Rad8 50. h4 g6 51. Ke5 g5 52. hxg5 hxg5
53. Rd5 Kh8 54. Rf7 Kg8 55. Rxf8+ Kxf8 56. Kf6 Kg8 57. Rxg5+ Kh7 58. Kf7 Rf8+
59. Kxf8 Kh6 60. Rg8 Kh7 61. d8=Q Kh6 62. Qh4# 1-0

[Event "4NCL Division Four"]
[Site "Daventry, ENG"]
[Date "2023.01.07"]
[Round "3.42"]
[White "Parikh, Naavya"]
[Black "Page, Thomas"]
[Result "0-1"]
[WhiteElo "1763"]
[BlackElo "1668"]
[PlyCount "140"]
[EventDate "2023.01.07"]
[WhiteTeam "Cambridge University Y1"]
[BlackTeam "Barnet Knights C"]

1. e4 e6 2. d4 d5 3. exd5 exd5 4. Nf3 Nf6 5. Be2 Bf5 6. O-O Bd6 7. Re1 O-O 8.
Bg5 Nbd7 9. Nbd2 c6 10. c4 Qc7 11. h3 h6 12. Be3 Rfe8 13. Rc1 Bf4 14. Nf1 dxc4
15. Bxc4 Nb6 16. Bb3 Rad8 17. Bxf4 Qxf4 18. Rxe8+ Rxe8 19. Ng3 Be6 20. Bxe6
Rxe6 21. Qd2 Qxd2 22. Nxd2 Nbd5 23. a3 Nf4 24. Nc4 Ne4 25. Re1 Nxg3 26. Rxe6
Nge2+ 27. Rxe2 Nxe2+ 28. Kf1 Nxd4 29. Ke1 Kf8 30. Kd2 Ke7 31. Kd3 Ne6 32. g3
Nd8 33. Ke4 Ke6 34. g4 g6 35. f3 f5+ 36. gxf5+ gxf5+ 37. Kf4 Nf7 38. h4 b6 39.
b3 c5 40. a4 Kf6 41. Ne3 Nd6 42. h5 Ke6 43. Nc2 a6 44. Ne3 b5 45. axb5 axb5 46.
Nc2 c4 47. bxc4 bxc4 48. Nb4 c3 49. Ke3 Nb5 50. Nc2 Kd5 51. Kd3 Ke5 52. Ke3 f4+
53. Kd3 Kf5 54. Ne1 Kf6 55. Kc4 Nc7 56. Kxc3 Kg5 57. Kd4 Ne6+ 58. Ke5 Ng7 59.
Ng2 Nxh5 60. Ke4 Ng3+ 61. Ke5 Ne2 62. Ke4 h5 63. Kd3 Ng3 64. Kd4 h4 65. Nxh4
Kxh4 66. Ke5 Ne2 67. Kd5 Kg3 68. Ke4 Ng1 69. Kd3 Kxf3 70. Kd2 Kf2 0-1

[Event "4NCL Division Four"]
[Site "Daventry, ENG"]
[Date "2023.01.07"]
[Round "3.43"]
[White "Michener, Max"]
[Black "Shah, Kyal"]
[Result "1/2-1/2"]
[WhiteElo "1502"]
[BlackElo "1656"]
[PlyCount "113"]
[EventDate "2023.01.07"]
[WhiteTeam "Barnet Knights C"]
[BlackTeam "Cambridge University Y1"]

1. e4 e6 2. d4 d5 3. exd5 exd5 4. Bd3 Bd6 5. Be3 Nf6 6. h3 O-O 7. Nd2 Re8 8.
Ne2 h6 9. c3 c6 10. Qc2 Qc7 11. O-O-O Qa5 12. a3 Nbd7 13. g4 c5 14. Nb3 Qc7 15.
dxc5 Nxc5 16. Nxc5 Bxc5 17. Bxc5 Qxc5 18. Nd4 Bd7 19. f4 Rac8 20. g5 hxg5 21.
fxg5 Ne4 22. Rde1 Qa5 23. Bxe4 dxe4 24. Rxe4 Qxg5+ 25. Kb1 Qd5 26. Rhe1 Rxe4
27. Rxe4 Bxh3 28. Re1 Be6 29. Nxe6 fxe6 30. Ka1 Qd7 31. Qg6 Qf7 32. Qg4 Qf5 33.
Qh4 Rf8 34. Qe7 Qf7 35. Qh4 Qf2 36. Qe4 Qf7 37. Qh4 Qf6 38. Qg4 Re8 39. Qh5 Qf7
40. Qh4 e5 41. Rh1 Qf6 42. Qh7+ Kf7 43. Qh3 Kg8 44. Qh8+ Kf7 45. Qh3 Kg8 46.
Qh8+ Kf7 47. Qh3 Ke7 48. Rd1 Qe6 49. Qh4+ Qf6 50. Qh3 Qe6 51. Qh4+ Kf8 52. Rf1+
Kg8 53. Rh1 Qf6 54. Qh8+ Kf7 55. Qh3 Ke7 56. Rd1 Rd8 57. Rf1 1/2-1/2

[Event "4NCL Division Four"]
[Site "Daventry, ENG"]
[Date "2023.01.07"]
[Round "3.44"]
[White "Jayakumar, Bharath"]
[Black "Smith, Henry"]
[Result "1-0"]
[WhiteElo "1616"]
[BlackElo "1513"]
[PlyCount "71"]
[EventDate "2023.01.07"]
[WhiteTeam "Cambridge University Y1"]
[BlackTeam "Barnet Knights C"]

1. d4 Nf6 2. c4 e6 3. Nf3 b6 4. Bg5 h6 5. Bh4 Bb7 6. Nc3 Bb4 7. e3 c5 8. Be2 d5
9. O-O Bxc3 10. bxc3 Nbd7 11. Rc1 Rc8 12. Re1 cxd4 13. cxd4 O-O 14. Nd2 e5 15.
cxd5 Rxc1 16. Qxc1 Bxd5 17. e4 Bb7 18. d5 Nc5 19. f3 Re8 20. Nc4 b5 21. Nd2 a6
22. Qxc5 Qa5 23. Qc2 Rc8 24. Qb2 Nh5 25. Nb3 Qb4 26. Qxe5 g5 27. Bf2 Nf4 28.
Kf1 Rc2 29. Qe8+ Kg7 30. Bd4+ f6 31. Qd7+ Kg6 32. Qf5+ Kh5 33. Bf2 Nxg2 34.
Kxg2 Bc8 35. Qh7 Qxe1 36. Qf7# 1-0

[Event "4NCL Division Four"]
[Site "Daventry, ENG"]
[Date "2023.01.07"]
[Round "3.45"]
[White "Dalah, Jacob"]
[Black "Cann, Arthur"]
[Result "1-0"]
[WhiteElo "1254"]
[BlackElo "1287"]
[PlyCount "87"]
[EventDate "2023.01.07"]
[WhiteTeam "Barnet Knights C"]
[BlackTeam "Cambridge University Y1"]

1. e4 e5 2. Nf3 d6 3. d3 Nc6 4. Nc3 Be7 5. Be2 h6 6. O-O Nf6 7. Be3 Bg4 8. Qd2
O-O 9. h3 Bh5 10. Nh2 Bxe2 11. Nxe2 d5 12. exd5 Nxd5 13. Ng3 Nxe3 14. Qxe3 f5
15. f4 b6 16. Kh1 Bc5 17. Qf3 Nd4 18. Qd1 exf4 19. Rxf4 Qg5 20. Rxd4 Bxd4 21.
Qf3 Bxb2 22. Rb1 Be5 23. Qd5+ Kh8 24. Qxe5 c5 25. Nf3 Qf6 26. Qxf6 Rxf6 27. Re1
g6 28. Re7 Kg8 29. Kh2 Rf7 30. Re6 Kg7 31. Ne5 Rf6 32. Re7+ Kf8 33. Rh7 Kg8 34.
Rxh6 Kg7 35. Rh4 Re8 36. Nf3 Rh8 37. Ra4 a5 38. Rf4 Rhf8 39. h4 Re6 40. Ng5 Re1
41. d4 cxd4 42. Rxd4 Rc8 43. Rd7+ Kf6 44. Rf7+ 1-0